000 01110nam a2200301 i 4500
001 000026434
003 DO-SdBNP
005 20260527074041.0
007 ta
008 110317s1999 dr a 000 0 spa d
020 _a8460576841
040 _aDO-SdBNP
_bspa
_cBNPHU
_erda
082 4 _a324.27293
_bJ61p
_222
100 1 _aJiménez Polanco, Jacqueline,
_92351
_eautor
245 1 4 _aLos partidos políticos en la República Dominicana :
_bactividad electoral y desarrollo organizativo /
_cJacqueline Jiménez Polanco ; prólogo, Manuel Alcántara Sáez.
264 _aSanto Domingo :
_bCentenario,
_c1999.
300 _a593 páginas :
_bilustraciones;
_c23 cm.
336 _2rdacontent
_atexto
_btxt
337 _2rdamedia
_asin mediación
_bn
338 _2rdacarrier
_avolumen
_bnc
504 _aBibliografía : p. 563-593
590 _aInventariado, 2024/BT
650 0 _aPartidos políticos
_zRepública Dominicana
_9285
700 1 _aAlcántara, Sáez, Manuel,
_eprólogo
_92510
710 2 _aAlcántara Sáez, Manuel
_epról.
_953482
910 _aValidado. Control de calidad MFF
942 _2ddc
_cLBS1
999 _c25926
_d25926